01242cam a22003737a 45000010005000000030006000050050017000110080041000280100017000690150019000860160018001050200018001230350024001410400071001650420014002360500015002500820010002651000019002752450055002942460016003492500018003652600039003833000057004224900021004795050008005005200117005085210021006255210020006466500031006666500028006976500076007256550048008017000019008492430FISKH20240109101834.0120620s2013 nyua j 000 1 eng d a 2012942504 aGBB2B91452bnb7 a0162187022Uk a9780062187703 a(OCoLC)ocn820106978 aUKMGBbengcUKMGBdBTCTAdBDXdQX9dOJ4dNYPdYDXCPdOPWdZACdDLC alccopycat00aPZ7.K1277404a813.61 aKann, Victoria10aPinkalicious :bPink or Treat! /cby Victoria Kann30aFlower girl aFirst edition aNew York :bHarper Festival,c2013 a24 unnumbered pages : bColor illustrations : c21cm 3Pink or Treat !  aO  aWhen a big storm shuts down all the power in Pinkville, Pinkalicious must turn into Pinkagirl to save Halloween!1 a650 bLexile 1 aO bRaz-Plus  0aFlowersvJuvenile fiction. 0aPinkvJuvenile fiction. 0aPinkalicious (Fictitious character)vPictorial worksvJuvenile fiction. 7aChildren's storiesvPictorial works.2gsafd aKann, Victoria